Analýza vonkajšej finančnej otvorenosti ekonomiky (komparatívna analýza ekonomík ČR a SR)

Zhodnotenie hlavných aspektov vonkajšej finančnej otvorenosti ekonomík ČR a SR v rokoch 2000 až 2006 s dôrazom na štruktúru prichádzajúceho kapitálu. Prehľad hlavných vývojových trendov.

Gespeichert in:
Bibliographische Detailangaben
1. Verfasser: Mirdala, Rajmund
Format: Buchkapitel
Sprache:Slowakisch
Schlagworte:
Tags: Tag hinzufügen
Keine Tags, Fügen Sie das erste Tag hinzu!

MARC

LEADER 00000naa$a2200000$$$4500
001 0085179
005 20231017071655.5
041 0 |a slo 
044 |a CZ 
245 1 0 |a Analýza vonkajšej finančnej otvorenosti ekonomiky  |b (komparatívna analýza ekonomík ČR a SR)  |c Rajmund Mirdala 
520 |a Zhodnotenie hlavných aspektov vonkajšej finančnej otvorenosti ekonomík ČR a SR v rokoch 2000 až 2006 s dôrazom na štruktúru prichádzajúceho kapitálu. Prehľad hlavných vývojových trendov. 
610 2 0 |a liberalizácia 
610 2 0 |a hospodárstvo otvorené 
610 2 0 |a analýza komparatívna 
610 2 0 |a Slovensko 
610 2 0 |a Česko 
610 2 0 |a kapitál zahraničný 
610 2 0 |a štruktúra kapitálová 
100 1 |a Mirdala, Rajmund